000 00609cam a2200145 4500500
005 20251228082741.0
041 _afre
042 _adc
100 1 0 _aBlanc, André
_eauthor
245 0 0 _aJean Rohou, Histoire de la littérature française du XVIIe siècle, nouvelle édition refondue, Rennes, Presses Universitaires de Rennes, 2000. Un vol. 14,5 × 21 cm de 384 p.
260 _c2001.
500 _a38
786 0 _nDix-septième siècle | 213 | 4 | 2001-12-01 | p. 721n-760n | 0012-4273
856 4 1 _uhttps://shs.cairn.info/revue-dix-septieme-siecle-2001-4-page-721n?lang=fr&redirect-ssocas=7080
999 _c1599698
_d1599698